000 00781cam8a220025300 4500
001 lce00219406
008 781025s1976 ii b 000 0 eng
010 _a 76901043
020 _cRs30.00
035 _a(Sirsi) r81973
035 _a(DLC) 76901043
035 _a(UPRA)lce00219406
043 _aa-ii---
050 0 _aLB1727.I5
_bS33
082 _a370/.954
100 1 _aSafaya, Raghunath.
_6A41774.1
245 1 0 _aInnovations and latest trends in education /
_cRaghunath Safaya.
250 _a1st ed.
260 _aAmbala Cantt. :
_bAssociated Publishers,
_c1976.
504 _aIncludes bibliographical references.
650 0 _aEducation -- India.
_zEducation -- India.
_6S27482.1
949 _aLB1727.I5
_wlcc
_i33729005787770
_mMAIN
_tBOOK
_lON-SHELF
004 81973
999 _c84950
_d84950